00163nam a2200061Ia 4500008004100000100002000041245004000061120527s9999 xx 000 0 und d aHecker & Thurpe aIntroduction to clinical psychology